00621 2200205 4500001002100000005001700021008004100038020001800079035002500097090001600122100001900138245011900157250001100276260003000287300002600317500003100343650001400374850001200388999001500400YOGYA-0209000001079920150211115508.0 ind  a979-499-156-2 a0010-020900000010799 a321.8 Moh D aMAHFUD MD, Moh aDemokrasi dan konstitusi di Indonesiabstudi tentang interaksi politik dan kehidupan ketatanegaraancMoh. Mahfud MD aCet. 1 aYogyakartabLibertyc1993 axii, 154 hlm.c22 cm. aBibliografi : hlm. 142-154 aDemokrasi aYOPDYOG a97P0089337